Santvachanaamruta (Record no. 350195)

MARC details
000 -LEADER
fixed length control field 004660000a22002050004500
005 - DATE AND TIME OF LATEST TRANSACTION
control field 20120302060102.0
040 ## - CATALOGING SOURCE
Original cataloging agency MAR
100 ## - MAIN ENTRY--PERSONAL NAME
Personal name Ranade,Ra.Da.
245 ## - TITLE STATEMENT
Title Santvachanaamruta
260 ## - PUBLICATION, DISTRIBUTION, ETC. (IMPRINT)
Place of publication, distribution, etc Pune:Ranade,Ra.Da.
300 ## - PHYSICAL DESCRIPTION
Extent 232p.
365 ## - TRADE PRICE
Price amount 1.50/-
490 ## - SERIES STATEMENT
Series statement Adhyaatma Granthamaalaa-2
650 ## - SUBJECT ADDED ENTRY--TOPICAL TERM
Topical term or geographic name as entry element Dharmika Vaangamaya
650 ## - SUBJECT ADDED ENTRY--TOPICAL TERM
Topical term or geographic name as entry element Sant Vaangamaya
650 ## - SUBJECT ADDED ENTRY--TOPICAL TERM
Topical term or geographic name as entry element Dnyaandev
650 ## - SUBJECT ADDED ENTRY--TOPICAL TERM
Topical term or geographic name as entry element Chaangadev
650 ## - SUBJECT ADDED ENTRY--TOPICAL TERM
Topical term or geographic name as entry element Janardanswami
942 ## - ADDED ENTRY ELEMENTS (KOHA)
Koha item type Book
Holdings
Withdrawn status Lost status Damaged status Not for loan Home library Current library Date acquired Total Checkouts Barcode Date last seen Price effective from
        Institute For Oriental Study, Thane Institute For Oriental Study, Thane 12/02/2009   IOS-14883 12/02/2009 12/02/2009